Gares de la ligne de Rennes à Saint-Malo - Statistiques

Statistiques générales
  • Ce quiz a été pris 97 fois
  • Le résultat moyen est 7 sur 14
Statistiques - réponses
Réponse % Correct
Rennes
94%
Saint-Malo
92%
Dol-de-Bretagne
77%
Combourg
75%
La Gouesnière - Cancale - Saint-Méloir-des-Ondes
68%
Pontchaillou
64%
Montreuil-sur-Ille
46%
Betton
35%
Dingé
35%
La Fresnais
33%
Saint-Germain-sur-Ille
24%
Saint-Médard-sur-Ille
21%
Chevaigné
19%
Bonnemain
18%
Aucun quiz correspondant
Distribution des résultats
% des personnes avec chaque résultat
Percentile par nombre de réponses
Votre historique - résultats
Vous n’avez pas pris ce quiz